Aspects of Indian culture and society : (Record no. 22434)

MARC details
000 -LEADER
fixed length control field 01937cam a2200277 4500
001 - CONTROL NUMBER
control field 1259487
003 - CONTROL NUMBER IDENTIFIER
control field BDDh-ASL
005 - DATE AND TIME OF LATEST TRANSACTION
control field 20231015030131.0
008 - FIXED-LENGTH DATA ELEMENTS--GENERAL INFORMATION
fixed length control field 730926s1972 ii a b 000 0 eng
010 ## - LIBRARY OF CONGRESS CONTROL NUMBER
LC control number 73901964
040 ## - CATALOGING SOURCE
Original cataloging agency DLC
Transcribing agency DLC
Modifying agency DLC
-- BDDh-ASL
043 ## - GEOGRAPHIC AREA CODE
Geographic area code a-ii---
050 00 - LIBRARY OF CONGRESS CALL NUMBER
Classification number DS437
Item number .A86
082 00 - DEWEY DECIMAL CLASSIFICATION NUMBER
Classification number 954.306
Item number ASP
245 00 - TITLE STATEMENT
Title Aspects of Indian culture and society :
Remainder of title essays in felicitation of Professor Nirmal Kumar Bose /
Statement of responsibility, etc. Edited by Surajit Sinha.
260 ## - PUBLICATION, DISTRIBUTION, ETC.
Place of publication, distribution, etc. [Calcutta]
Name of publisher, distributor, etc. Indian Anthropological Society
Date of publication, distribution, etc. [1972]
300 ## - PHYSICAL DESCRIPTION
Extent 248 p. :
Other physical details illus.
Dimensions 25 cm.
350 ## - PRICE (NR) (BK AM CF MU VM SE) [OBSOLETE]
Price Rs30.00 ($10.00 U.S.)
504 ## - BIBLIOGRAPHY, ETC. NOTE
Bibliography, etc. note Includes bibliographies.
505 0# - FORMATTED CONTENTS NOTE
Formatted contents note Anthropology of Nirmal Kumar Bose, by S. Sinha.--An outline framework for the study of politics in village India, by F. G. Bailey.--Anthropology of Indian civilization, by G. Sarana.--Sociology of national integration, by B. K. Roy Burman.--Aspects of social change in rural Bengal in the 19th century, by B. Ghose--Scope for urban anthropology and the city of Calcutta, by S. Sinha.--Clerks and skilled manual workers: some consideration for research on Calcutta, by A. Beteille.--The recent kings of Puri; a study in secularization, by N. Patnaik.--Gandhi the humanist, by B. Bhattacharyya.--Iron smelters and the indigenous iron & steel industry of India: from stagnation to atrophy, by S. Bhattacharyya.--Traditional modes of learning in Indian civilization, by B. Saraswati.--Curing and religion in South Asia, by D. G. Mandelbaum.--Religious architecture in Bengal (15th-17th century); a study of the major trends, by H. R. Sanyal.--Language, culture, and race in South India, by H. K. Rakshit.--An analysis of Mayurbhanj palaeolith industry, by A. K. Ghosh.
651 #0 - SUBJECT ADDED ENTRY--GEOGRAPHIC NAME
Geographic name India
General subdivision Civilization.
700 1# - ADDED ENTRY--PERSONAL NAME
Personal name Bose, Nirmal Kumar.
700 1# - ADDED ENTRY--PERSONAL NAME
Personal name Sinha, Surajit,
Dates associated with a name 1926-
Relator term ed.
906 ## - LOCAL DATA ELEMENT F, LDF (RLIN)
a 7
b cbc
c orignew
d 4
e ncip
f 19
g y-gencatlg
942 ## - ADDED ENTRY ELEMENTS (KOHA)
Source of classification or shelving scheme Dewey Decimal Classification
Koha item type Books
Holdings
Withdrawn status Lost status Source of classification or shelving scheme Damaged status Not for loan Collection code Home library Current library Shelving location Date acquired Source of acquisition Total Checkouts Full call number Barcode Date last seen Copy number Price effective from Koha item type Public note
    Dewey Decimal Classification     Non-fiction Asiatic Society Library Asiatic Society Library General Stacks 02/27/2021 ASB Library Collections   954.306 ASP 106682 02/27/2021 C-1 02/27/2021 Books RARE

Powered by Koha